=LDR 00000nam 2200000 4500 =001 INLIS000000000002375 =005 20130612090722 =008 ***********************************Ind** =035 ##$$0010-061300000002375 =041 ##$$a Ind =082 ##$$a 959.817 =090 ##$$a 959.817; Ran p =100 ##$$a Ranni,M.Z =245 ##$$a Perlawanan terhadap penjajahan dan perjuangan menegakkan kemerdekaan Indonesia di Bumi Bengkulu, M.Z.Ranni =260 ##$$a 1993 $b Jakarta =300 ##$$a 242 hlm, 21 cm =650 ##$$a Bengkulu =650 ##$$a Sejarah =850 ##$$a NBPNMAT